000 00760cab a2200193 4500
001 ABS42430
008 090401t1990 xxu||||| |||| 00| 0 eng d
035 _a(Sirsi) u36748
041 _aeng
100 _aSimmonds, J.B.C.
245 _aLenders and the `Miscellaneous Problems Act`
260 _c1990
350 _a0
490 _aSolicitors` Journal
_v134(10) 9 March 1990, 273-275(3)
520 _aDiscussion of Law of Property (Miscellaneous Provisions) Act 1989 s2 which has repealed Law of Property Act 1925 s40 thereby abolishing the concept that a contract for the sale of land can be based upon notes or oral evidence and introducing a more formal written contract.
690 _aPROPERTY LAW AND PRACTICE
942 _n0
948 _c04/03/1997
999 _c23785
_d23785